000 00344nam a2200133Ia 4500
008 151001s9999||||xx |||||||||||||| ||und||
100 _aहरीश भादानी
245 _aमै मेरा अष्टावक्र
250 _a1
260 _bकलासन
260 _c1999
300 _a152
365 _b21
999 _c983336
_d983333